Anglais - S2 - Statistics

General Stats
  • This quiz has been taken 16 times
    12 since last reset
  • The average score is 3 of 21
Answer Stats
Français Anglais % Correct
preuves evidence
67%
prospérer to thrive
33%
marcher debout to walk upright
33%
une fouille archéologique an archaeological excavation
17%
la course à l'armement évolutive an evolutionary arms race
17%
concurrence entre les espèces competition between species
17%
des préoccupations éthiques ethical concerns
17%
progressivement gradually
17%
humanité humankind
17%
essentiel/crucial pivotal
17%
dérive génétique aléatoire random genetic drift
17%
être guidé, déterminé par to be driven by
17%
s'éteindre to die out
17%
façonner, influencer to shape
17%
remonter à to trace back to
17%
schéma de comportement behaviour pattern
0%
héritage inheritance
0%
l'essor, entraîner, provoquer the rise of to give rise to
0%
disparaitre to become extinct
0%
conduire à, provoquer to lead to
0%
éradiquer to wipe out
0%
No matching quizzes found
Score Distribution
Percent of People with Each Score
Percentile by Number Answered
Your Score History
You have not taken this quiz since the last reset